| 000 -LEADER |
| fixed length control field |
01362cam a2200361 4500 |
| 001 - CONTROL NUMBER |
| control field |
351391 |
| 003 - CONTROL NUMBER IDENTIFIER |
| control field |
OSt |
| 005 - DATE AND TIME OF LATEST TRANSACTION |
| control field |
20231101093410.0 |
| 008 - FIXED-LENGTH DATA ELEMENTS--GENERAL INFORMATION |
| fixed length control field |
221003s2015 nyua c 000 1 eng d |
| 010 ## - LIBRARY OF CONGRESS CONTROL NUMBER |
| LC control number |
bl2015006052 |
| 020 ## - INTERNATIONAL STANDARD BOOK NUMBER |
| International Standard Book Number |
9781442487697 : |
| Qualifying information |
(hbk.) : |
| 040 ## - CATALOGING SOURCE |
| Original cataloging agency |
YDXCP |
| Language of cataloging |
eng |
| Transcribing agency |
YDXCP |
| Modifying agency |
BTCTA |
| -- |
BDX |
| -- |
OCLCQ |
| -- |
NOG |
| -- |
OCLCO |
| -- |
CO2 |
| -- |
JQM |
| -- |
OCLCO |
| -- |
ZHB |
| -- |
ABG |
| -- |
OCLCO |
| -- |
HQD |
| -- |
TXBXL |
| -- |
VTL |
| -- |
JBL |
| -- |
OCLCO |
| -- |
KH8 |
| 042 ## - AUTHENTICATION CODE |
| Authentication code |
nbic |
| 082 0# - DEWEY DECIMAL CLASSIFICATION NUMBER |
| Classification number |
FIC RUS |
| 100 1# - MAIN ENTRY--PERSONAL NAME |
| Personal name |
Russell, Rachel Renée, |
| Relator term |
aut. |
| 245 10 - TITLE STATEMENT |
| Title |
Tales from a not-so-dorky drama queen / |
| Statement of responsibility, etc. |
Rachel Renée Russell, with Nikki Russell and Erin Russell. |
| 250 ## - EDITION STATEMENT |
| Edition statement |
1st Aladdin hardcover ed. |
| 260 ## - PUBLICATION, DISTRIBUTION, ETC. |
| Place of publication, distribution, etc. |
New York : |
| Name of publisher, distributor, etc. |
Aladdin, |
| Date of publication, distribution, etc. |
2015. |
| 300 ## - PHYSICAL DESCRIPTION |
| Extent |
331 p. : |
| Other physical details |
ill. ; |
| Dimensions |
21 cm. |
| 490 1# - SERIES STATEMENT |
| Series statement |
Dork diaries ; |
| Volume/sequential designation |
9. |
| 520 ## - SUMMARY, ETC. |
| Summary, etc. |
Nikki's diary is up to the month of April, and springtime is sure to bring more wacky adventures with Nikki and her friends Chloe, Zoey, and Brandon! |
| 521 1# - TARGET AUDIENCE NOTE |
| Target audience note |
Ages 9-13. |
| 650 #0 - SUBJECT ADDED ENTRY--TOPICAL TERM |
| Topical term or geographic name entry element |
Diaries |
| Form subdivision |
Juvenile fiction. |
| 650 #0 - SUBJECT ADDED ENTRY--TOPICAL TERM |
| Topical term or geographic name entry element |
Teenage girls |
| Form subdivision |
Juvenile fiction. |
| 650 #0 - SUBJECT ADDED ENTRY--TOPICAL TERM |
| Topical term or geographic name entry element |
Middle schools |
| Form subdivision |
Juvenile fiction. |
| 650 #0 - SUBJECT ADDED ENTRY--TOPICAL TERM |
| Topical term or geographic name entry element |
Friendship |
| Form subdivision |
Juvenile fiction. |
| 650 #0 - SUBJECT ADDED ENTRY--TOPICAL TERM |
| Topical term or geographic name entry element |
Children's literature. |
| 655 #0 - INDEX TERM--GENRE/FORM |
| Genre/form data or focus term |
Young adult fiction. |
| 700 1# - ADDED ENTRY--PERSONAL NAME |
| Personal name |
Russell, Nikki, |
| Relator term |
aut. |
| 700 1# - ADDED ENTRY--PERSONAL NAME |
| Personal name |
Russell, Erin, |
| Relator term |
aut. |
| 800 1# - SERIES ADDED ENTRY--PERSONAL NAME |
| Personal name |
Russell, Rachel Renée. |
| Title of a work |
Dork diaries ; |
| Volume/sequential designation |
9. |
| 942 ## - ADDED ENTRY ELEMENTS (KOHA) |
| Source of classification or shelving scheme |
|
| Koha item type |
Books - Fiction |